| 000 | 00734nam a22001937a 4500 | ||
|---|---|---|---|
| 003 | BD-DhUL | ||
| 005 | 20160829114623.0 | ||
| 008 | 160829b xxu||||| |||| 00| 0 eng d | ||
| 040 | _cBD-DhUL | ||
| 082 |
_a900 _bPRI |
||
| 100 | _aসেন, শ্রীপণয়বল্লভ | ||
| 245 |
_aইতিহাস মানচিত্রে / _cসেন, শ্রীপণয়বল্লভ |
||
| 260 |
_aকলকাতা : _bচন্ডীকরন, _c১৯৭৯. |
||
| 300 |
_a১১০ পৃ. : _bচিত্র ; _c২২ সেমি. |
||
| 440 | _aসিরিয়াল নং -৩৪৬ | ||
| 650 |
_aইতিহাস _vHistory |
||
| 856 | 0 | _uসিরিয়াল নং -৩৪৩ | |
| 942 |
_2ddc _cBK |
||
| 999 |
_c102218 _d102218 |
||